000 00337nam a2200157Ia 4500
003 SGT
005 20260530133217.0
082 _a150
_bI12M
100 _aMORGAN ,CLIFFOR T.
245 _aINTRODUCTION TO PSYCHOLOGY
250 _a7TH
260 _bMC GRAW HILL
_aINDIA
_c2012
300 _a1-724
650 _aPSYCHOLOGY
942 _2ddc
_cBK
999 _c1431
_d1431